| 000 | 00405nam a2200181Ia 4500 | ||
|---|---|---|---|
| 100 | _aFox/Robert W/ Pritchard/Philip J | ||
| 650 | _aFluid Mechanics | ||
| 250 | _a7 | ||
| 942 | _cBK | ||
| 366 | _f25 | ||
| 654 | _afluid mechanics | ||
| 245 | _aIntroduction to fluid mechanics | ||
| 260 |
_bWiley India _c2010 |
||
| 082 |
_a532 _bFOX |
||
| 300 | _a744 | ||
| 546 |
_aENGLISH _cInfo.Tech |
||
| 999 |
_c28132 _d28132 |
||